000 00417nam a2200157Ia 4500
008 240729s9999 xx 000 0 und d
022 _a2548-0316
245 0 _aCurrent Thoracic Surgery
260 _aTürkiye
260 _bTurkish Society of Thoracic Surgery
650 _a Surgery
650 _aMedicine
856 _uhttps://doaj.org/toc/126816eac0604c5db5794e5c9822efa2
942 _2ddc
942 _cDOAJEJ
999 _c70448
_d70448
945 _a1
_bMadushi Gamage
_c1
_dMadushi Gamage